书目信息 |
| 题名: |
粮菜果治病养生妙方
|
|
| 作者: | 王华兴 主编 | |
| 分册: | ||
| 出版信息: | 北京 华文出版社 1998.06 |
|
| 页数: | 382页 | |
| 开本: | 20cm | |
| 丛书名: | 家庭生活小百科 | |
| 单 册: | ||
| 中图分类: | R247.1 | |
| 科图分类: | 62.193 | |
| 主题词: | 食物疗法-验方 , 验方-食物疗法 | |
| 电子资源: | ||
| ISBN: | 7-5075-0626-6 | |
| 000 | 00758cam2 2200265 45 | |
| 001 | 0198049456 | |
| 005 | 20070601154347.46 | |
| 010 | @a7-5075-0626-6@dCNY19.80 | |
| 100 | @a19980910d1998 em y0chiy0121 ea | |
| 101 | 0 | @achi |
| 102 | @aCN@b110000 | |
| 105 | @ay zg 000yy | |
| 200 | 1 | @a粮菜果治病养生妙方@ALiang Cai Guo Zhi Bing Yang Sheng Miao Fang@f王华兴主编@FWang Hua Xing Zhu Bian |
| 210 | @a北京@c华文出版社@d1998.06 | |
| 215 | @a382页@d20cm | |
| 225 | 2 | @a家庭生活小百科 |
| 410 | 0 | @120010@a家庭生活小百科 |
| 606 | @a食物疗法-验方 | |
| 606 | @a验方-食物疗法 | |
| 690 | @aR247.1@v4 | |
| 692 | @a62.193@v2 | |
| 701 | 0 | @a王华兴@AWang Hua Xing@4主编 |
| 801 | 0 | @aCN@bNLC@c20070601 |
| 905 | @aBZT@dR247.1@e235 | |
| 906 | @dCNY19.80@n0@r1 | |
| 粮菜果治病养生妙方/王华兴主编.-北京:华文出版社,1998.06 |
| 382页;20cm.-(家庭生活小百科) |
| ISBN 7-5075-0626-6:CNY19.80 |
| ● |
| 相关链接 |
|
|
|
正题名:粮菜果治病养生妙方
索取号:R247.1/235
 
预约/预借
| 序号 | 登录号 | 条形码 | 馆藏地/架位号 | 状态 | 备注 |
| 1 | 536739 | 230140776 | 中心书库中库/ 中库004架A面1列2层62/ [索取号:R247.1/235] | 在馆 | |
| 2 | 536740 | 230140775 | 中心书库中库/ 中库004架A面1列2层60/ [索取号:R247.1/235] | 在馆 | |
| 3 | 536742 | 230140773 | 中心书库中库/ 中库004架A面1列2层63/ [索取号:R247.1/235] | 在馆 | |
| 4 | 536743 | 230140772 | 中心书库中库/ 中库004架A面1列2层66/ [索取号:R247.1/235] | 在馆 | |
| 5 | 536744 | 230140777 | 中心书库中库/ 中库004架A面1列2层65/ [索取号:R247.1/235] | 在馆 | |
| 6 | 536745 | 230140771 | 中心书库中库/ 中库004架A面1列2层67/ [索取号:R247.1/235] | 在馆 | |
| 7 | 536746 | 230140770 | 中心书库中库/ 中库004架A面1列2层61/ [索取号:R247.1/235] | 在馆 | |
| 8 | 536747 | 230140769 | 中心书库中库/ 中库004架A面1列2层68/ [索取号:R247.1/235] | 在馆 | |
| 9 | 536748 | 230140768 | 中心书库中库/ 中库004架A面1列2层64/ [索取号:R247.1/235] | 在馆 |